Регрессивный анализ шероховатости поверхности при сверлении глубоких отверстий; Технология машиностроения и вопросы прочности

Bibliografiske detaljer
Parent link:Технология машиностроения и вопросы прочности.— 1977.— С. 39-42
Hovedforfatter: Водопьянов А. В.
Andre forfattere: Фишко В. Н.
Udgivet: 1977
Fag:
Format: MixedMaterials Book Chapter
KOHA link:https://koha.lib.tpu.ru/cgi-bin/koha/opac-detail.pl?biblionumber=594015

MARC

LEADER 00000naa0a2200000 4500
001 594015
005 20250611131417.0
035 |a (RuTPU)RU\TPU\tpu\8068 
090 |a 594015 
100 |a 20020118d1977 k||y0rusy50 ca 
102 |a RU 
200 1 |a Регрессивный анализ шероховатости поверхности при сверлении глубоких отверстий  |f А. В. Водопьянов, В. Н. Фишко 
463 |t Технология машиностроения и вопросы прочности  |v С. 39-42  |d  1977 
610 1 |a резание металлов 
610 1 |a сверление 
610 1 |a труды учёных ТПУ 
700 1 |a Водопьянов  |b А. В. 
701 1 |a Фишко  |b В. Н. 
801 0 |a RU  |b 63413507  |c 20020118  |g PSBO 
801 2 |a RU  |b 63413507  |c 20090924  |g RCR 
850 |a 63413507 
942 |c BK